Upside Down Flags #7 - Statistics

General Stats
  • This quiz has been taken 45 times
  • The average score is 17 of 20
Answer Stats
Picture Answer % Correct
Ivory Coast
97%
France
94%
Iceland
94%
Netherlands
94%
Morocco
91%
Switzerland
91%
Cambodia
88%
Colombia
88%
Kuwait
88%
Papua New Guinea
84%
Chad
81%
Liechtenstein
81%
Malawi
81%
Saint Lucia
81%
Tonga
81%
Botswana
78%
Dominica
78%
Eritrea
78%
Mauritius
78%
Saint Kitts and Nevis
69%
No matching quizzes found
Score Distribution
Percent of People with Each Score
Percentile by Number Answered
Your Score History
You have not taken this quiz